LEADER 01975nam0 22004573i 450 001 VAN0164452 005 20230614030853.359 017 70$2N$a9783319206363 100 $a20210623d2016 |0itac50 ba 101 $aeng 102 $aCH 105 $a|||| ||||| 200 1 $aMoons of the Solar System$eFrom Giant Ganymede to Dainty Dactyl$fJames A. Hall III 210 $aCham$cSpringer$d2016 215 $axviii, 297 p.$cill.$d24 cm 410 1$1001VAN0132684$12001 $aAstronomers' Universe$1210 $aNew York [etc.]$cSpringer 500 1$3VAN0164453$aMoons of the Solar System : From Giant Ganymede to Dainty Dactyl$91808143 606 $a85-XX$xAstronomy and Astrophysics [MSC 2020]$3VANC023246$2MF 606 $a85A40$xCosmology [MSC 2020]$3VANC023267$2MF 606 $a85A20$xPlanetary atmospheres [MSC 2020]$3VANC036146$2MF 610 $aAsteroid Moons$9KW:K 610 $aExtrasolar Moons$9KW:K 610 $aGas Giant Moons$9KW:K 610 $aKnown Moons Catalog$9KW:K 610 $aList of Known Moons$9KW:K 610 $aMoon-finding Missions$9KW:K 610 $aPlanetary Moons$9KW:K 610 $aPlanetary Satellites$9KW:K 610 $aSolar System Bodies$9KW:K 610 $aSolar System Satellites$9KW:K 620 $aCH$dCham$3VANL001889 700 1$aHall$bJames A. III$3VANV148142$0805587 712 $aSpringer $3VANV108073$4650 801 $aIT$bSOL$c20240614$gRICA 856 4 $uhttp://doi.org/10.1007/978-3-319-20636-3$zE-book ? Accesso al full-text attraverso riconoscimento IP di Ateneo, proxy e/o Shibboleth 899 $aBIBLIOTECA DEL DIPARTIMENTO DI MATEMATICA E FISICA$1IT-CE0120$2VAN08 912 $fN 912 $aVAN0164452 950 $aBIBLIOTECA DEL DIPARTIMENTO DI MATEMATICA E FISICA$d08CONS e-book 2782 $e08eMF2782 20210623 996 $aMoons of the Solar System : From Giant Ganymede to Dainty Dactyl$91808143 997 $aUNICAMPANIA LEADER 02695nam 2200697 a 450 001 9911004737303321 005 20200520144314.0 010 $a9781523132041 010 $a1523132043 010 $a9781680150971 010 $a1680150979 010 $a9780819483591 010 $a0819483591 024 7 $a10.1117/3.869055 035 $a(CKB)2670000000131879 035 $a(EBL)831642 035 $a(OCoLC)769743407 035 $a(SSID)ssj0000550626 035 $a(PQKBManifestationID)11381813 035 $a(PQKBTitleCode)TC0000550626 035 $a(PQKBWorkID)10524260 035 $a(PQKB)11075084 035 $a(MiAaPQ)EBC831642 035 $a(CaBNVSL)gtp00550531 035 $a(SPIE)9780819483591 035 $a(PPN)237233967 035 $a(Perlego)2605794 035 $a(EXLCZ)992670000000131879 100 $a20110728d2011 uy 0 101 0 $aeng 135 $aurbn||||m|||a 181 $ctxt 182 $cc 183 $acr 200 10$aEnhanced optical filter design /$fDavid Cushing 210 $aBellingham, Wash. $cSPIE Press$dc2011 215 $a1 online resource (168 p.) 225 0 $aSPIE ;$vv. PM 201 300 $aDescription based upon print version of record. 311 08$a9780819483584 311 08$a0819483583 320 $aIncludes bibliographical references and index. 327 $aBasics -- Methods of deposition and materials -- Antireflection coatings -- Multilayer films -- Dichroics -- Metal films and filters -- All-dielectric bandpass filters -- Optical monitoring -- Fully blocked visible filters -- Fully blocked ultraviolet filters -- Nonpolarizing reflection filters -- Nonpolarizing transmissive filters. 330 $aThis book serves as a supplement to the classic texts by Angus Macleod and Philip Baumeister, taking an intuitive approach to the enhancement of optical coating (or filter) performance. Drawing from 40 years of experience in thin film design, Cushing introduces the basics of thin films, the commonly used materials and their deposition, the major coatings and their applications, and improvement methods for each. 410 0$aSPIE Press monograph ;$vPM201. 606 $aOptical coatings 606 $aLight filters 606 $aOptical films 615 0$aOptical coatings. 615 0$aLight filters. 615 0$aOptical films. 676 $a621.36/9 700 $aCushing$b David$f1940-2009.$01861004 712 02$aSociety of Photo-Optical Instrumentation Engineers. 801 0$bMiAaPQ 801 1$bMiAaPQ 801 2$bMiAaPQ 906 $aBOOK 912 $a9911004737303321 996 $aEnhanced optical filter design$94467020 997 $aUNINA